Los 15 países con mayor inmigración colombiana - Estadísticas

Estadísticas generales
  • Esta prueba ha sido intentada 169 veces
  • La puntuación promedio es 13 de 15
Estadísticas de respuestas
Top N° de Emigrantes Respuesta % Correcto
450.377 España
99%
817.604 Estados Unidos
98%
917.753 Venezuela
97%
14° 20.253 México
95%
203.470 Ecuador
94%
31.151 Francia
94%
50.702 Panamá
93%
173.487 Chile
92%
75.425 Canadá
91%
13° 24.535 Alemania
90%
41.466 Italia
90%
12° 25.001 Reino Unido
84%
10° 28.338 Australia
70%
11° 25.530 Costa Rica
69%
15° 16.127 Países Bajos
59%
No se encontraron pruebas coincidentes
Distribución de puntuación
Porcentaje de gente con cada puntuación
Porcentaje por número respondido
Historial de tus puntuaciones
No has intentado esta prueba.